ا ر شد مينا نگر ی :پتھر و ں کو ز با ن د ينے و ا لا شا عر (Record no. 187295)

MARC details
000 -LEADER
fixed length control field 00785nam a22001937a 4500
005 - DATE AND TIME OF LATEST TRANSACTION
control field 20220411152426.0
010 ## - LCCN (DPL NO)
LC control number UR-11516
020 ## - INTERNATIONAL STANDARD BOOK NUMBER
Terms of availability 100.00
International Standard Book Number 9789380395449
035 ## - SYSTEM CONTROL NUMBER
System control number U-10071
037 ## - SOURCE OF ACQUISITION
Source of stock number/acquisition DBAD/PUB
Stock number -
082 ## - DEWEY DECIMAL CLASSIFICATION NUMBER
Classification number 841.8
Edition number Ist
100 ## - MAIN ENTRY--PERSONAL NAME
Personal name نز ير فتح پو ر ی
245 ## - TITLE STATEMENT
Title ا ر شد مينا نگر ی :پتھر و ں کو ز با ن د ينے و ا لا شا عر
Statement of responsibility, etc نز ير فتح پو ر ی
Medium ا ر د و
246 ## - VARYING FORM OF TITLE
Remainder of title Arshad Meena Nagri : Pathron Ko Zuban Dene Wala Shair(Urdu)
Title proper/short title by Nazir Fatehpuri
260 ## - PUBLICATION, DISTRIBUTION, ETC. (IMPRINT)
Place of publication, distribution, etc Pune
Name of publisher, distributor, etc Asbaque Publications
Date of publication, distribution, etc 2017 ء
270 ## - ADDRESS
Address 230/B/102,Saira Manzil,Viman Darshan,Sanjay Park,Lohgaon Road,
City Pune
Postal code 411032
Telephone number 9822516338
Fax number -
300 ## - PHYSICAL DESCRIPTION
Extent 96 ص
Dimensions 22 Cm(Hb)
942 ## - ADDED ENTRY ELEMENTS (KOHA)
Source of classification or shelving scheme Dewey Decimal Classification
Item type Urdu Bks
Classification part 841.8
Call number suffix ن ز ی
Holdings
Withdrawn status Lost status Not for loan Collection code Home library Current library Date acquired Source of acquisition Cost, normal purchase price Full call number Barcode Copy number Cost, replacement price Koha item type
    Not For Loan Non-fiction D.B.Act.Division Central Library 11/04/2022 DBAD/PUB 100.00 841.8 ن ز ی U-10071 1 100.00 Urdu Bks

© Delhi Public Library
Hit Counter
free hit counter